[Event "Tourn. n9880"]
[Site "www.echecsemail.com"]
[Date "2019.09.29"]
[Round "1"]
[White "Seger"]
[Black "Jaroslavpech"]
[WhiteElo "2870"]
[BlackElo "2450"]
[Result "1/2-1/2"]
[Round "1"]
1.d4 d5
2.c4 e6
3.Nb1c3 Ng8f6
4.Ng1f3 c6
5.e3 Bf8e7
6.Qd1c2 Nb8d7
7.b3 O-O
8.Bf1d3 h6
9.O-O b6
10.Bc1b2 Bc8b7
11.h3 Ra8c8
12.Ra1d1 Qd8c7
13.a4 Be7b4
14.e4 dxe4
15.Nc3xe4 Nf6xe4
16.Bd3xe4 Nd7f6
17.Nf3e5 Nf6xe4
18.Qc2xe4 Rf8d8
19.Qe4g4 Qc7e7
20.f4 Bb4d6
21.Rf1e1 Qe7f6
22.Ne5d3 Qf6f5
23.Qg4xf5 exf5
24.Bb2c3 Rd8e8
25.Kf2 f6
26.a5 Re8xe1
27.Rd1xe1 Rc8d8
28.h4 Kf7
29.h5 c5
30.d5 b5
31.g3 Bb7a6
32.Nd3b2 Rd8e8
33.Bc3d2 Re8d8
34.Ke2 Ke8
35.Kd3 Kd7
36.Kc2 Rd8g8
37.Kc3 Bd6c7
38.Re1e6 Bc7xa5
39.Kc2 Ba5b6
40.b4 Ba6b7
41.Bd2e3 Rg8c8
42.Nb2d3 cxb4
43.c5 Kd8
44.Kb2 Kd7
45.Re6d6 Ke7
46.Rd6e6 Kd7
47.Be3f2 Bb7a8
48.Re6d6 Ke7
49.Rd6e6 Kd7
50.cxb6 Ba8xd5
51.Re6e3 axb6
52.Nd3xb4 Bd5f7
53.Re3a3 Rc8c4
54.Ra3a7 Rc4c7
55.Ra7a8 Bf7xh5
56.Bf2xb6 Rc7b7
57.Bb6g1 Bh5f3
58.Nb4a6 Ke7
59.Na6c5 Rb7c7
60.Ra8g8 Kd6
61.Nc5b3 Bf3e4
62.Nb3d4 Rc7b7
63.Bg1e3 b4
64.Be3d2 Rb7d7
65.Bd2e3 Rd7b7
66.Be3f2 Rb7d7
67.Rg8e8 Rd7b7
68.Bf2e1 Kd7
69.Re8g8 Kd6
70.Rg8e8 Kd7
71.Re8g8 Kd6
72.Nd4b3 Be4g2
73.Kc1 Rb7c7
74.Kb2 Kd5
75.Be1f2 Bg2e4
76.Nb3d4 Kc4
77.Rg8d8 g5
78.Bf2g1 Rc7h7
79.Nd4e2 h5
80.Rd8d4 Kb5
81.Kb3 h4
82.Rd4xb4 Kc6
83.Rb4b6 Kd7
84.Ne2c3 Rh7h8
85.fxg5 fxg5
86.gxh4 gxh4
87.Bg1h2 Be4c6
88.Kc4 Rh8a8
89.Rb6b4 h3
90.Kd3 Ra8h8
91.Rb4f4 Ke6
92.Ke3 Kf6
93.Rf4d4 Rh8e8
94.Kf2 Re8g8
95.Rd4d6 Kf7
96.Rd6xc6 Rg8g2
97.Kf3 Rg2xh2
98.Kg3 Rh2h1
99.Nc3e2 h2
100.Rc6c2 Kf6
101.Kg2 Rh1b1
102.Kxh2 Rb1b3
103.Kg1 Rb3a3
104.Rc2c5 Ra3d3
105.Rc5a5 Kg5
106.Kf2 Rd3d8
107.Ne2g1 Kg4
{ draw }
1/2-1/2

[Event "Tourn. n10171"]
[Site "www.echecsemail.com"]
[Date "2019.09.29"]
[Round "1"]
[White "Cal"]
[Black "Osopanda"]
[WhiteElo "1700"]
[BlackElo "1510"]
[Result "0-1"]
[Round "1"]
1.c4 Ng8f6
2.Nb1c3 d6
3.h3 e5
4.Ng1f3 Bc8e6
5.e4 Bf8e7
6.d3 c6
7.a3 Nb8d7
8.b4 d5
9.cxd5 cxd5
10.Bc1g5 O-O
11.Bf1e2 d4
12.Nc3a4 b5
13.Na4b2 Ra8c8
14.O-O Qd8b6
15.Nf3h4 h6
16.Bg5xf6 Be7xf6
17.f4 exf4
18.Rf1xf4 g5
19.Rf4f2 gxh4
20.Be2h5 Bf6g5
21.a4 Bg5e3
22.Qd1f3 Nd7e5
23.Qf3f6 Be3xf2
24.Kxf2 Rc8c2
25.Kf1 Ne5d7
26.Qf6xh6 Rc2xg2
27.Kxg2 Be6xh3
28.Kxh3 Qb6xh6
29.Bh5g4 Nd7e5
30.axb5 Ne5xg4
31.Kxg4 h3
32.Ra1h1 h2
33.Nb2c4 Rf8b8
34.Kg3 Rb8xb5
35.Rh1xh2 Qh6xh2
36.Kxh2 Rb5xb4
37.e5 Rb4xc4
{ resign }
0-1

[Event "Tourn. n10189"]
[Site "www.echecsemail.com"]
[Date "2019.09.29"]
[Round "1"]
[White "Churrasca"]
[Black "Scasan55"]
[WhiteElo "1970"]
[BlackElo "1980"]
[Result "1-0"]
[Round "1"]
1.e4 c5
2.Ng1f3 d6
3.d4 cxd4
4.Nf3xd4 Ng8f6
5.Nb1c3 a6
6.Bf1e2 e6
7.a4 Bf8e7
8.Bc1e3 O-O
9.h3 Qd8c7
10.O-O Nb8c6
11.Qd1d2 Bc8d7
12.Rf1d1 Nc6xd4
13.Be3xd4 Bd7c6
14.Qd2e3 e5
15.Bd4b6 Qc7d7
16.a5 Be7d8
17.Bb6c5 Bd8c7
18.Bc5b4 Rf8d8
19.Be2f3 Qd7e6
20.Qe3d3 Ra8b8
21.Rd1d2 h6
22.b3 Kh8
23.Rd2d1 Nf6h7
24.h4 Rd8d7
25.Nc3d5 Bc6xd5
26.exd5 Qe6e7
27.g3 Rb8f8
28.Bf3g4 Rd7d8
29.Rd1e1 Qe7f6
30.c4 g5
31.Bg4f5 gxh4
32.Bf5xh7 hxg3
33.fxg3 Rd8e8
34.Kg2 Qf6g5
35.Bb4d2 Qg5g7
36.Bh7e4 h5
37.Re1h1 { resign }
1-0

[Event "Tourn. n10224"]
[Site "www.echecsemail.com"]
[Date "2019.09.29"]
[Round "1"]
[White "Fantomas"]
[Black "Luban"]
[WhiteElo "2130"]
[BlackElo "2130"]
[Result "1-0"]
[Round "1"]
1.e4 c6
2.Nb1c3 d5
3.exd5 cxd5
4.d4 e6
5.Ng1f3 Ng8f6
6.Bf1d3 Bf8e7
7.O-O O-O
8.h3 a6
9.Nf3e5 Bc8d7
10.Ne5xd7 Qd8xd7
11.Bc1e3 b5
12.Nc3e2 Nb8c6
13.c3 Ra8c8
14.Ne2g3 b4
15.Bd3xa6 Rc8a8
16.Ba6b5 Rf8b8
17.Qd1e2 Qd7b7
18.Bb5d3 bxc3
19.bxc3 Qb7b2
20.Rf1c1 Be7a3
21.Be3d2 Ba3d6
22.Bd2e1 Bd6xg3
23.fxg3 Qb2xe2
24.Bd3xe2 Rb8b2
25.Be2d3 Ra8xa2
26.Ra1xa2 Rb2xa2
27.Rc1b1 Ra2a8
28.Kf1 g6
29.g4 Ra8a3
30.Rb1c1 Nc6xd4
31.Rc1d1 Nd4c6
32.Ke2 e5
33.Kd2 d4
34.cxd4 Nc6xd4
35.Bd3b1 Ra3g3
36.Be1xg3 { resign }
1-0

[Event "Tourn. n10037"]
[Site "www.echecsemail.com"]
[Date "2019.09.29"]
[Round "1"]
[White "Jaroslavpech"]
[Black "Seger"]
[WhiteElo "2590"]
[BlackElo "2730"]
[Result "1/2-1/2"]
[Round "1"]
1.d4 d5
2.c4 e6
3.Nb1c3 Ng8f6
4.Bc1g5 Bf8e7
5.e3 h6
6.Bg5h4 O-O
7.Ng1f3 b6
8.cxd5 Nf6xd5
9.Bh4xe7 Qd8xe7
10.Nc3xd5 exd5
11.Ra1c1 Bc8e6
12.Bf1e2 c5
13.O-O Nb8d7
14.Be2b5 Rf8c8
15.b3 a6
16.Bb5e2 Nd7f6
17.Nf3e5 Be6f5
18.a4 Nf6e4
19.f3 Ne4f6
20.Qd1d2 Nf6d7
21.Ne5xd7 Bf5xd7
22.dxc5 bxc5
23.Rc1c3 Bd7c6
24.Rf1c1 Bc6b7
25.f4 Rc8c7
26.Be2f3 Ra8d8
27.Qd2e1 Kh7
28.Kf1 Bb7c8
29.Qe1e2 g6
30.h3 Bc8e6
31.Qe2xa6 c4
32.bxc4 dxc4
33.Qa6a5 Rc7a7
34.Qa5b5 Qe7h4
35.Rc3c2 Qh4e7
36.Kf2 Rd8d3
37.Qb5e5 Qe7d8
38.Bf3e4 Ra7a5
39.Qe5a1 Rd3b3
40.Qa1d4 Qd8e7
41.g4 h5
42.Kf1 Rb3b8
43.Kg2 Rb8e8
44.Rc1d1 Qe7h4
45.f5 gxf5
46.gxf5 Be6d7
47.Qd4xc4 Re8g8
48.Kh2 Qh4g3
49.Kh1 Bd7e8
50.Be4g2 Ra5xa4
51.Qc4f1 Qg3xe3
52.Qf1d3 Rg8g3
53.Qd3xe3 Rg3xe3
54.Rc2f2 Be8b5
55.Rd1d8 h4
56.Kh2 Re3e2
57.Rf2xe2 Bb5xe2
58.Rd8d2 Be2c4
59.Rd2d6 Kg7
60.Kg1 Bc4b3
61.Bg2f3 Bb3c2
62.Bf3g4 { draw }
1/2-1/2

[Event "Tourn. n10216"]
[Site "www.echecsemail.com"]
[Date "2019.09.29"]
[Round "1"]
[White "Fantomas"]
[Black "Argento"]
[WhiteElo "2130"]
[BlackElo "2260"]
[Result "1/2-1/2"]
[Round "1"]
1.e4 c5
2.Ng1f3 Nb8c6
3.Nb1c3 d6
4.h3 Ng8f6
5.d4 cxd4
6.Nf3xd4 g6
7.Bf1b5 Bc8d7
8.Nd4xc6 Bd7xc6
9.Bb5xc6 bxc6
10.O-O Bf8g7
11.Bc1d2 O-O
12.Qd1f3 Ra8b8
13.Ra1b1 Nf6d7
{ draw }
1/2-1/2

[Event "Tourn. n10210"]
[Site "www.echecsemail.com"]
[Date "2019.09.29"]
[Round "1"]
[White "Bigrezi"]
[Black "Luban"]
[WhiteElo "2260"]
[BlackElo "2130"]
[Result "1-0"]
[Round "1"]
1.d4 d5
2.c4 dxc4
3.e4 c6
4.Bf1xc4 e6
5.Ng1f3 Ng8f6
6.Nb1c3 Bf8b4
7.O-O O-O
8.Qd1c2 Nb8d7
9.a3 Bb4e7
10.Bc1f4 Nd7b6
11.Bc4a2 c5
12.dxc5 Be7xc5
13.Ra1d1 Qd8e7
14.b4 Bc5xf2
15.Rf1xf2 Rf8d8
16.Rd1xd8 Qe7xd8
17.e5 Nf6d5
18.Rf2d2 Qd8c7
19.Nf3g5 g6
20.Nc3xd5 Qc7xc2
21.Rd2xc2 Nb6xd5
22.Ba2xd5 exd5
23.Rc2c7 { resign }
1-0

[Event "Tourn. n10086"]
[Site "www.echecsemail.com"]
[Date "2019.09.29"]
[Round "1"]
[White "Stepanpech"]
[Black "Cvilhena1976"]
[WhiteElo "2560"]
[BlackElo "2310"]
[Result "1-0"]
[Round "1"]
1.e4 e5
2.Ng1f3 Nb8c6
3.Bf1b5 a6
4.Bb5a4 Ng8f6
5.O-O Nf6xe4
6.d4 b5
7.Ba4b3 d5
8.dxe5 Bc8e6
9.Nb1d2 Ne4c5
10.c3 Be6g4
11.Bb3c2 Bf8e7
12.Rf1e1 O-O
13.Nd2b3 Rf8e8
14.h3 Nc5xb3
15.axb3 Bg4h5
16.Bc2f5 g6
17.g4 gxf5
18.gxh5 Qd8d7
19.Kh2 f6
20.Bc1f4 fxe5
21.Nf3xe5 Nc6xe5
22.Re1xe5 c6
23.Qd1d3 Re8f8
24.Ra1g1 Kh8
25.Re5xe7 Qd7xe7
26.Qd3d4 Rf8f6
27.Bf4e5 Ra8f8
28.b4 Rf8f7
29.Rg1g5 h6
30.Rg5g6 Kh7
31.Rg6xf6 Rf7xf6
32.Be5xf6 Qe7d6
33.Qd4e5 Qd6xe5
34.Bf6xe5 Kg8
35.Kg3  { time }
1-0

[Event "Match"]
[Site "www.echecsemail.com"]
[Date "2019.09.29"]
[Round "1"]
[White "Picifarkinca"]
[Black "Andychesston"]
[WhiteElo "1510"]
[BlackElo "1930"]
[Result "1-0"]
[Round "1"]
1.b3 e5
2.g3 d5
3.Bf1g2 Bf8c5
4.e3 Ng8f6
5.Bc1b2 Nb8c6
6.Ng1e2 Nf6g4
7.O-O h5
8.d4 Bc5b6
9.c4 e4
10.cxd5 Qd8xd5
11.Nb1c3 Qd5d8
12.Nc3xe4 Ng4xh2
13.Kxh2 h4
14.Rf1h1 hxg3
15.Kxg3 O-O
16.f4 Bc8f5
17.Qd1g1 Bf5xe4
18.Bg2xe4 f5
19.Be4d3 Nc6e5
20.Bd3c2 Ne5g4
21.b4 Rf8e8
22.e4 a5
23.Bc2b3 Kf8
24.b5 Ke7
25.exf5 Ng4h6
26.Qg1e3 Kf8
27.Bb2a3 Re8e7
28.Rh1xh6 c5
29.Rh6h8 
1-0

[Event "1/16 Finale"]
[Site "www.chess-mail.com"]
[Date "2019.09.29"]
[Round "1"]
[White "George1955"]
[Black "Jaroslavpech"]
[WhiteElo "2650"]
[BlackElo "2530"]
[Result "1/2-1/2"]
[Round "1"]
1.e4 c5
2.Ng1f3 Nb8c6
3.d4 cxd4
4.Nf3xd4 Ng8f6
5.Nb1c3 e5
6.Nd4b5 d6
7.Bc1g5 a6
8.Nb5a3 b5
9.Nc3d5 Bf8e7
10.Bg5xf6 Be7xf6
11.c3 O-O
12.Na3c2 Bf6g5
13.a4 bxa4
14.Ra1xa4 a5
15.Bf1c4 Ra8b8
16.b3 Kh8
17.Nc2e3 g6
18.h4 Bg5xh4
19.g3 Bh4g5
20.f4 exf4
21.gxf4 Bg5h4
22.Kf1 f5
23.Ra4a2 fxe4
24.Ra2h2 g5
25.Qd1h5 Rb8b7
26.Ke2 Bc8e6
27.Qh5h6 Be6xd5
28.Ne3xd5 Rf8f7
29.Qh6e6 Rf7g7
30.Nd5f6 d5
31.fxg5 dxc4
32.Rh1d1 Qd8f8
33.Rh2xh4 Nc6e7
34.Qe6xc4 Ne7g8
35.Nf6xe4 Rb7e7
36.Rd1h1 Re7d7
37.Qc4b5 Rg7e7
38.Rh1h3 h6
39.Qb5xa5 Rd7a7
40.Qa5d5 Ra7d7
41.Qd5c6 Rd7d6
42.Qc6c4 Qf8f5
43.Rh3g3 Rd6d7
44.b4 Re7f7
45.Ke1 Rf7f8
46.Qc4a6 Rd7e7
47.Qa6e2 Re7a7
48.Qe2d3 Ra7d7
49.Qd3c4 Rf8a8
50.Ke2 Ra8f8
51.Ke3 Rd7d8
52.Qc4a6 Rd8e8
53.Qa6e2 Qf5e5
54.Kd2 Rf8f4
55.Rh4xf4 Qe5xf4
56.Qe2e3 Re8xe4
57.Qe3xf4 Re4xf4
58.gxh6 Ng8xh6
59.Rg3g6 Nh6f7
60.Kc2 { draw }
1/2-1/2

[Event "1/64 Finale"]
[Site "www.chess-mail.com"]
[Date "2019.09.29"]
[Round "1"]
[White "Vega"]
[Black "Fabos12"]
[WhiteElo "2510"]
[BlackElo "1750"]
[Result "1-0"]
[Round "1"]
1.e4 e5
2.Ng1f3 Nb8c6
3.Bf1b5 Ng8e7
4.O-O a6
5.Bb5a4 h6
6.d4 exd4
7.Nf3xd4 b5
8.Ba4b3 Nc6a5
9.Rf1e1 Bc8b7
10.Bb3d5 c6
11.Nd4f5 Qd8c7
12.Nf5d6 Kd8
13.Bc1f4 Qc7b6
14.Nd6xf7 Kc8
15.Bd5e6  { time }
1-0

[Event "Tourn. n10216"]
[Site "www.echecsemail.com"]
[Date "2019.09.30"]
[Round "1"]
[White "Argento"]
[Black "Luban"]
[WhiteElo "2260"]
[BlackElo "2130"]
[Result "1-0"]
[Round "1"]
1.e4 c5
2.Ng1f3 d6
3.d4 cxd4
4.Nf3xd4 Ng8f6
5.Nb1c3 a6
6.Bc1g5 e6
7.f4 Bf8e7
8.Qd1f3 h6
9.Bg5h4 Qd8c7
10.O-O-O Nb8c6
11.Nd4xc6 bxc6
12.e5 dxe5
13.fxe5 Nf6d5
14.Bh4xe7 Qc7xe7
15.Nc3e4 O-O
16.c4 Qe7g5
17.Ne4xg5 { resign }
1-0

[Event "Tourn. n10211"]
[Site "www.echecsemail.com"]
[Date "2019.09.30"]
[Round "1"]
[White "Fabos12"]
[Black "Roma753"]
[WhiteElo "1670"]
[BlackElo "1709"]
[Result "0-1"]
[Round "1"]
1.d4 e6
2.Ng1f3 f5
3.g3 Ng8f6
4.Bf1g2 Bf8e7
5.c3 O-O
6.O-O d6
7.Nb1d2 Nb8c6
8.Rf1e1 Nf6e4
 { time }
0-1

[Event "Match"]
[Site "www.echecsemail.com"]
[Date "2019.09.30"]
[Round "1"]
[White "Bgm9"]
[Black "Fereike"]
[WhiteElo "2010"]
[BlackElo "1550"]
[Result "1/2-1/2"]
[Round "1"]
1.d4 e6
2.e4 c5
3.d5 exd5
4.Qd1xd5 Ng8f6
5.Qd5d3 Nb8c6
6.a3 d5
7.exd5 Qd8xd5
8.Qd3xd5 { draw }
1/2-1/2

[Event "Tourn. n10215"]
[Site "www.echecsemail.com"]
[Date "2019.09.30"]
[Round "1"]
[White "Said13"]
[Black "Pariolinius"]
[WhiteElo "1809"]
[BlackElo "1910"]
[Result "1-0"]
[Round "1"]
1.c4 Ng8f6
2.Nb1c3 g6
3.g3 d6
4.Bf1g2 c6
5.Ng1f3 Bf8g7
6.O-O Nb8d7
7.d4 O-O
8.e4 Nd7b6
9.Qd1d3 Bc8d7
10.Bc1g5 h6
11.Bg5xf6 Bg7xf6
12.e5 dxe5
13.dxe5 Bf6g7
14.c5 Nb6c8
15.Ra1d1 { resign }
1-0

[Event "Match"]
[Site "www.echecsemail.com"]
[Date "2019.09.30"]
[Round "1"]
[White "Sonny1000"]
[Black "Whitekknight"]
[WhiteElo "1490"]
[BlackElo "1910"]
[Result "0-1"]
[Round "1"]
1.e4 e5
2.Bf1c4 Ng8f6
3.h3 Bf8c5
4.Qd1f3 d6
5.Nb1c3 Nb8c6
6.Qf3g3 g6
7.Qg3g5 Nc6d4
8.Bc4d3 Nd4e6
9.Qg5h6 Rh8g8
10.Qh6h4 Ne6f4
11.Bd3f1 h5
12.g4 g5
13.Qh4g3 h4
14.Qg3f3 Bc8d7
15.Bf1c4 Qd8e7
16.a4 Bd7c6
17.a5 Bc5d4
18.b4 Bc6xe4
19.Nc3xe4 O-O-O
20.Ne4xg5 Rg8xg5
21.Bc4a6 d5
22.Ra1b1 bxa6
23.Rh1h2 Nf6e4
24.b5 Qe7c5
25.Qf3b3 axb5
26.Ng1f3 Bd4xf2
27.Kf1 Ne4g3

0-1

[Event "Tourn. n10202"]
[Site "www.echecsemail.com"]
[Date "2019.10.01"]
[Round "1"]
[White "Ssharp"]
[Black "Sbb"]
[WhiteElo "2340"]
[BlackElo "2780"]
[Result "0-1"]
[Round "1"]
1.e4 e5
2.Ng1f3 Nb8c6
3.Bf1c4 Bf8c5
4.b4 Bc5xb4
5.c3 Bb4a5
6.d4 b5
7.Bc4d5 Ng8e7
8.Nf3xe5 Ne7xd5
9.Ne5xc6 dxc6
10.exd5 Qd8xd5
11.O-O O-O
12.Bc1e3 Rf8e8
13.Qd1b3 Qd5h5
14.Nb1d2 Bc8e6
15.Qb3a3 Ba5b6
16.Rf1e1 Qh5g6
17.Ra1c1 Be6h3
18.g3 c5
19.dxc5 Qg6c6
20.f3 Re8xe3
{ resign }
0-1

[Event "Tourn. n10207"]
[Site "www.echecsemail.com"]
[Date "2019.10.01"]
[Round "1"]
[White "Iko"]
[Black "Estonia"]
[WhiteElo "1820"]
[BlackElo "1950"]
[Result "0-1"]
[Round "1"]
1.e4 e5
2.Ng1f3 Nb8c6
3.Bf1b5 Bf8c5
4.Bb5xc6 dxc6
5.Nf3xe5 Ng8f6
6.d3 O-O
7.Bc1g5 h6
8.Bg5xf6 Qd8xf6
9.d4 Bc5d6
10.Ne5f3 Bc8g4
11.e5 Qf6e6
12.O-O Bd6e7
13.h3 Bg4xf3
14.Qd1xf3 Rf8d8
15.c3 Ra8b8
16.Nb1d2 c5
17.Nd2b3 cxd4
18.Nb3xd4 Qe6b6
19.Ra1e1 Be7c5
20.Re1e4 Bc5xd4
21.cxd4 Rd8xd4
22.Re4xd4 Qb6xd4
23.Rf1e1 Qd4xb2
24.e6 fxe6
25.Re1xe6 Qb2b1
26.Kh2 Qb1xa2
27.Re6e2 Rb8f8
28.Qf3e3 Qa2a6
29.Qe3b3 Kh8
30.Re2e7 Qa6d6
31.Qb3g3 Qd6xe7
32.Qg3b3 Rf8xf2
33.Qb3xb7 Qe7d6
34.Kg1 Qd6c5
35.Qb7a8 Kh7
36.Qa8e4 g6
37.Kh2 Rf2f1
38.Qe4e2 Qc5d6
39.Qe2e5 Qd6xe5
40.g3 Qe5e2

0-1

[Event "Match"]
[Site "www.echecsemail.com"]
[Date "2019.10.01"]
[Round "1"]
[White "Liencam2"]
[Black "Tbsundar"]
[WhiteElo "2180"]
[BlackElo "2150"]
[Result "0-1"]
[Round "1"]
1.e4 e5
2.Ng1f3 Nb8c6
3.d4 exd4
4.c3 Bf8c5
5.cxd4 Bc5b4
6.Nb1c3 Qd8e7
7.Bf1d3 Ng8f6
8.O-O Bb4xc3
9.bxc3 d6
10.Bc1a3 O-O
11.e5 Bc8g4
12.exf6 Qe7xf6
13.Bd3e2 Rf8e8
14.Qd1c2 a6
15.Ra1e1 b5
16.d5 Re8xe2
17.Qc2xe2 Nc6e5
18.Kh1 h6
19.h3 Ne5xf3
20.Qe2e7 Nf3xe1
21.Qe7xf6 gxf6
22.Rf1xe1 Bg4f5
23.Ba3c1 Kg7
24.Re1e7 Ra8c8
25.Bc1a3 Kf8
26.Re7xc7 Rc8xc7
27.Ba3xd6 Rc7e7
28.Bd6xe7 Kxe7
29.Kh2 Bf5e4
30.a3 Be4xd5
{ resign }
0-1

[Event "Match"]
[Site "www.echecsemail.com"]
[Date "2019.10.01"]
[Round "1"]
[White "Ditto"]
[Black "Gambitmiau"]
[WhiteElo "1840"]
[BlackElo "1820"]
[Result "1-0"]
[Round "1"]
1.e4 Nb8c6
2.Ng1f3 d5
3.exd5 Qd8xd5
4.Nb1c3 Qd5h5
5.Bf1e2 Bc8g4
6.d4 O-O-O
7.Bc1e3 Ng8f6
8.Qd1d2 e6
9.O-O-O Bf8c5
10.Qd2e1 Bc5b4
11.h3 Bg4xf3
12.Be2xf3 Qh5a5
13.Rd1d3 Nf6d5
14.Be3d2 Nd5xc3
15.Bd2xc3 Qa5xa2
16.Bc3xb4 Nc6xb4
17.Qe1xb4 Qa2a1
18.Kd2 Qa1a6
19.c3 c6
20.Qb4e7 Rd8d7
21.Qe7g5 g6
22.Qg5f6 Rh8d8
23.Kc2 Qa6a4
24.Kb1 c5
25.Bf3d1 Qa4b5
26.Rd3e3 cxd4
27.cxd4 Rd7xd4
28.Bd1f3 Rd4b4
29.Re3c3 Rb4c4
30.Rc3xc4 Qb5xc4
31.Rh1c1 { resign }
1-0

[Event "Tourn. n10219"]
[Site "www.echecsemail.com"]
[Date "2019.10.01"]
[Round "1"]
[White "D4minance"]
[Black "Jesmantiz"]
[WhiteElo "2850"]
[BlackElo "2200"]
[Result "1-0"]
[Round "1"]
1.d4 f5
2.g3 d6
3.Bf1g2 c6
4.Ng1f3 g6
5.O-O Ng8f6
6.b3 Bf8g7
7.Bc1b2 O-O
8.Nb1d2 Qd8e8
9.c4 Nf6e4
10.e3 Nb8d7
11.Nd2xe4 fxe4
12.Nf3g5 d5
13.cxd5 Nd7f6
14.dxc6 Qe8xc6
15.Ra1c1 Qc6a6
16.d5 Bc8f5
17.Rc1c7 Qa6d6
18.Rc7xb7 h6
19.Bb2xf6 Qd6xf6
20.Ng5xe4 Bf5xe4
21.Bg2xe4 Qf6e5
22.Be4xg6 Rf8f6
23.Qd1c2 Ra8f8
24.Bg6e4 a5
25.f4 Qe5d6
26.Rf1c1 h5
27.Qc2d1 Qd6a3
28.Rc1c7 Rf8f7
29.Rb7b8 Bg7f8
30.Qd1xh5 Qa3d6
31.Rb8xf8 { resign }
1-0

[Event "Match"]
[Site "www.echecsemail.com"]
[Date "2019.10.01"]
[Round "1"]
[White "Apdash"]
[Black "Logout"]
[WhiteElo "2180"]
[BlackElo "2040"]
[Result "1-0"]
[Round "1"]
1.d4 Ng8f6
2.c4 c5
3.d5 d6
4.Nb1c3 Bc8d7
5.e4 Qd8a5
6.Bc1d2 a6
7.f4 Qa5c7
8.Ng1f3 e6
9.e5 dxe5
10.fxe5 Nf6g8
11.Bf1d3 Bd7c8
12.O-O Nb8d7
13.d6 Qc7c6
14.Bd3e4 Qc6b6
15.Nc3a4 Qb6a7
16.Bd2e3 Ra8b8
17.b4 b5
18.cxb5 axb5
19.Na4xc5 g6
20.Qd1c1 Nd7xc5
21.bxc5 Qa7a6
22.Rf1d1 Bc8d7
23.c6 Rb8c8
24.cxd7 Kxd7
25.Qc1b2 Bf8h6
26.Be3xh6 Ng8xh6
27.Ra1c1 Rc8xc1
28.Rd1xc1 Rh8c8
29.Rc1xc8 Qa6xc8
30.Qb2xb5 Kd8
31.Be4c6 Nh6f5
32.Qb5b6 Qc8c7
33.Qb6xc7 
1-0

[Event "Tourn. n10190"]
[Site "www.echecsemail.com"]
[Date "2019.10.02"]
[Round "1"]
[White "Galiany17"]
[Black "Numanoid"]
[WhiteElo "2390"]
[BlackElo "2750"]
[Result "1/2-1/2"]
[Round "1"]
1.d4 e6
2.c4 d5
3.Nb1c3 Ng8f6
4.Ng1f3 c6
5.e3 Nb8d7
6.Bf1d3 dxc4
7.Bd3xc4 b5
8.Bc4d3 a6
9.a4 b4
10.Nc3e4 c5
11.Ne4xf6 Nd7xf6
12.dxc5 Bc8b7
13.Qd1e2 Bf8xc5
14.e4 O-O
15.O-O h6
16.Bc1f4 Nf6h5
17.Bf4e3 Bc5xe3
18.Qe2xe3 Nh5f4
19.Bd3c4 Qd8f6
20.b3 Rf8d8
21.Ra1d1 Nf4g6
22.g3 a5
23.Kg2 Rd8xd1
24.Rf1xd1 Ra8d8
25.Rd1d2 Rd8xd2
26.Nf3xd2 Qf6e5
{ draw }
1/2-1/2

[Event "Match"]
[Site "www.echecsemail.com"]
[Date "2019.10.02"]
[Round "1"]
[White "Apdash"]
[Black "Estonia"]
[WhiteElo "2230"]
[BlackElo "1920"]
[Result "1-0"]
[Round "1"]
1.e4 e5
2.Ng1f3 Nb8c6
3.d4 d6
4.Bf1b5 exd4
5.Nf3xd4 Bc8d7
6.Nb1c3 Nc6xd4
7.Bb5xd7 Qd8xd7
8.Qd1xd4 Ng8f6
9.O-O c5
10.Qd4d3 Qd7c6
11.Bc1g5 Bf8e7
12.Ra1e1 O-O
13.f4 h6
14.Bg5h4 Qc6c7
15.e5 Nf6h7
16.Bh4xe7 Qc7xe7
17.exd6 Qe7d7
18.Re1e7 Qd7g4
19.d7 Nh7f6
20.h3 Qg4h4
21.Qd3f3 b6
22.Nc3d5 Nf6xd5
23.Re7e8 Ra8xe8
24.dxe8Q Rf8xe8
25.Qf3xd5 Qh4f6
26.c3 Re8d8
27.Qd5b7 a5
28.Rf1f2 Rd8d1
29.Kh2 Qf6d8
30.Rf2e2 Rd1d7
31.Qb7c6 Rd7d6
32.Re2e8 Kh7
33.Qc6e4 g6
34.Re8xd8 Rd6xd8
35.Qe4e7 { resign }
1-0

[Event "Match"]
[Site "www.echecsemail.com"]
[Date "2019.10.02"]
[Round "1"]
[White "Gimmyg"]
[Black "Luzhin"]
[WhiteElo "2540"]
[BlackElo "2450"]
[Result "1/2-1/2"]
[Round "1"]
1.Nb1c3 d5
2.e4 d4
3.Nc3e2 e5
4.Ne2g3 Bf8d6
5.Bf1c4 Ng8f6
6.d3 O-O
7.Ng1f3 c5
8.O-O Nb8c6
9.Bc1d2 Nc6a5
10.Bd2xa5 Qd8xa5
11.a4 Qa5c7
12.Qd1d2 h6
13.Nf3h4 Qc7d8
14.Nh4g6 Rf8e8
15.Ng6h4 Bd6c7
16.Nh4f5 Bc7a5
17.c3 Bc8e6
18.Bc4xe6 fxe6
19.Nf5h4 dxc3
20.Qd2c2 cxb2
21.Ra1b1 Nf6d7
22.Nh4f3 Ba5c7
23.Qc2xb2 b6
24.h3 Qd8e7
25.a5 Re8b8
26.axb6 axb6
27.Rb1a1 Qe7d6
28.Qb2b3 Ra8xa1
29.Rf1xa1 b5
30.Ng3f5 Qd6b6
31.Qb3a2 c4
32.dxc4 Kh7
33.Nf5e3 b4
34.Nf3d2 Nd7c5
35.Nd2b3 Bc7d6
36.Ne3g4 Nc5xb3
37.Qa2xb3 Bd6c5
38.Ra1b1 Qb6d6
39.Qb3c2 Bc5d4
40.Kh1 Rb8a8
41.Qc2b3 Bd4c5
42.Qb3f3 Kg8
43.Kh2 Ra8a3
44.Ng4e3 Qd6e7
45.Qf3e2 Kh7
46.Ne3d1 Bc5d4
47.Qe2c2 Qe7d6
48.Nd1e3 Bd4c5
49.Qc2e2 b3
50.Qe2d1 Qd6f8
51.Qd1f3 Qf8xf3
52.gxf3 Bc5xe3
53.fxe3 Kg6
54.Kg3 Kf6
55.c5 Ke7
56.Kg4 g6
57.h4 Kd7
{ draw }
1/2-1/2

[Event "Tourn. n10216"]
[Site "www.echecsemail.com"]
[Date "2019.10.02"]
[Round "1"]
[White "Apdash"]
[Black "Luban"]
[WhiteElo "2200"]
[BlackElo "2130"]
[Result "0-1"]
[Round "1"]
1.e4 c6
2.d4 d5
3.exd5 cxd5
4.Ng1f3 e6
5.Bf1d3 Ng8f6
6.Bc1g5 Bf8e7
7.O-O O-O
8.Nb1d2 a6
9.c4 dxc4
10.Nd2xc4 Nb8c6
11.Bd3c2 Nf6d5
12.Bg5xe7 Nc6xe7
13.Nf3e5 b5
14.Nc4e3 Bc8b7
15.Qd1h5 g6
16.Qh5h6 Nd5xe3
17.fxe3 Ra8c8
18.Bc2b3 Ne7f5
19.Qh6f4 Bb7d5
20.Bb3xd5 Qd8xd5
21.Ra1d1 Rc8c2
22.e4 Qd5xa2
23.exf5 exf5
24.Rd1d2 Rc2xb2
25.Rd2xb2 Qa2xb2
26.Ne5d7 Rf8d8
27.Qf4c7 Qb2xd4
28.Kh1 Rd8xd7
29.Qc7c8 Kg7
30.Qc8xa6 b4
31.Qa6b5 Qd4d3
32.Qb5e5 f6
33.Qe5a1 b3
34.Rf1b1 f4
35.h3 Qd3c2
36.Rb1f1 b2
37.Qa1b1 Rd7d2
{ resign }
0-1

[Event "Tourn. n10195"]
[Site "www.echecsemail.com"]
[Date "2019.10.02"]
[Round "1"]
[White "Amaya"]
[Black "Johnmcbride"]
[WhiteElo "2030"]
[BlackElo "1920"]
[Result "1-0"]
[Round "1"]
1.d4 d5
2.e3 a6
3.Bf1d3 e6
4.Nb1d2 Ng8f6
5.f4 b6
6.Ng1f3 c5
7.c3 c4
8.Bd3c2 Nb8c6
9.O-O h6
10.Nf3e5 Bc8b7
11.Qd1f3 Bf8d6
12.a3 O-O
13.g4 Nc6xe5
14.dxe5 Nf6e4
15.Nd2xe4 dxe4
16.Bc2xe4 Bb7xe4
17.Qf3xe4 Bd6e7
18.g5 hxg5
19.fxg5 Be7xg5
20.Qe4g4 b5
21.e4 Bg5xc1
22.Ra1xc1 Qd8b6
23.Kh1 g6
24.Rf1g1 Qb6e3
25.Rc1e1 Qe3h6
26.Rg1g3 f5
27.Qg4xg6 Qh6xg6
28.Rg3xg6 Kf7
29.exf5 exf5
30.Re1g1 Rf8g8
31.Rg6xg8 Ra8xg8
32.Rg1xg8 Kxg8
33.Kg2 Kf7
34.Kf3 Kg6
35.Kf4 a5
36.h4 b4
37.h5 Kxh5
38.Kxf5 { resign }
1-0

[Event "Match"]
[Site "www.echecsemail.com"]
[Date "2019.10.02"]
[Round "1"]
[White "Said13"]
[Black "Bojan"]
[WhiteElo "1809"]
[BlackElo "1990"]
[Result "1-0"]
[Round "1"]
1.c4 e5
2.Nb1c3 Ng8f6
3.g3 c6
4.Bf1g2 d6
5.Ng1f3 h6
6.O-O Nf6h7
7.d4 exd4
8.Qd1xd4 Nh7f6
9.e4 Bc8e6
10.Rf1e1 Nb8d7
11.Bc1f4 Nf6h5
12.Bf4xd6 Nd7b6
13.c5 Nb6d7
14.e5 Bf8e7
15.g4 Nh5f6
16.Bd6xe7 Qd8xe7
17.exf6 Nd7xf6
18.Ra1d1 O-O
19.g5 hxg5
20.Nf3xg5 Ra8d8
21.Qd4h4 Rd8xd1
22.Re1xd1 Be6f5
23.Ng5e4 Nf6d5
24.Qh4xe7 Nd5xe7
25.Ne4d6 Bf5g6
26.Nd6xb7 Rf8b8
27.Rd1d8 Rb8xd8
28.Nb7xd8 Kf8
29.Nd8xc6 Ne7xc6
30.Bg2xc6 Ke7
31.Bc6b7 Bg6d3
32.c6 Kd6
33.f3 g5
34.Nc3e4 Bd3xe4
35.fxe4 f6
36.b4 Kc7
37.a4 Kb8
38.b5 Kc7
39.a5 Kd6
40.b6 axb6
41.axb6 Kc5
42.c7 Kxb6
43.c8Q { resign }
1-0

[Event "Match"]
[Site "www.echecsemail.com"]
[Date "2019.10.02"]
[Round "1"]
[White "Whitekknight"]
[Black "Apdash"]
[WhiteElo "1910"]
[BlackElo "2180"]
[Result "0-1"]
[Round "1"]
1.e4 e5
2.Ng1f3 d6
3.Bf1c4 Bc8e6
4.Bc4xe6 fxe6
5.d4 exd4
6.Nf3xd4 c5
7.Nd4xe6 Qd8e7
8.Qd1d5 Ng8f6
9.Qd5c4 Nb8c6
10.f4 g6
11.O-O Kd7
12.Bc1e3 Qe7xe6
13.Qc4b5 Kc7
14.Nb1c3 Nf6xe4
15.Nc3xe4 Qe6xe4
16.Qb5e2 Nc6d4
17.Qe2d2 Nd4xc2
18.Ra1c1 Qe4xe3
19.Qd2xe3 Nc2xe3
20.Rf1f3 Ne3d5
21.Rc1d1 Kc6
22.g3 Ra8d8
23.Rf3d3 Nd5b4
24.Rd3a3 a6
25.Rd1c1 Kb6
26.Ra3b3 Ka7
27.a3 Nb4c6
28.Rc1d1 d5
29.Rb3c3 d4
30.Rc3d3 Bf8g7
31.Kf2 Rh8e8
{ resign }
0-1

[Event "Match"]
[Site "www.echecsemail.com"]
[Date "2019.10.02"]
[Round "1"]
[White "Joseph1983"]
[Black "Apdash"]
[WhiteElo "2280"]
[BlackElo "2160"]
[Result "0-1"]
[Round "1"]
1.e4 c5
2.Ng1f3 d6
3.Bf1c4 Nb8c6
4.c3 e5
5.d4 cxd4
6.cxd4 Bf8e7
7.O-O Nc6xd4
8.Nf3xd4 exd4
9.Qd1xd4 Ng8f6
10.Nb1c3 O-O
11.Rf1d1 a6
12.Bc1f4 b5
13.Bc4b3 Bc8b7
14.f3 Nf6e8
15.Nc3d5 Bb7xd5
16.Bb3xd5 Ra8c8
17.Ra1c1 Rc8xc1
18.Rd1xc1 Be7f6
19.Qd4d2 Kh8
20.b3 Ne8c7
21.Bd5b7 Qd8b8
22.Qd2xd6 Qb8a7
23.Kh1 Nc7e6
24.Bb7d5 Rf8d8
25.Bd5xe6 Rd8xd6
26.Bf4xd6 h6
27.Rc1c8 Kh7
28.Be6f5 g6
29.Rc8c7 Qa7d4
30.Rc7xf7 Kg8
{ resign }
0-1

[Event "Tourn. n10202"]
[Site "www.echecsemail.com"]
[Date "2019.10.02"]
[Round "1"]
[White "Sbb"]
[Black "Tonino1"]
[WhiteElo "2780"]
[BlackElo "2290"]
[Result "1-0"]
[Round "1"]
1.d4 d6
2.c4 Ng8f6
3.Nb1c3 c6
4.e4 Qd8a5
5.Bf1d3 d5
6.e5 Nf6e4
7.Bd3xe4 dxe4
8.Ng1e2 Bc8f5
9.Ne2g3 Bf5g6
10.O-O e6
11.Nc3xe4 Bf8e7
12.f4 O-O
13.f5 exf5
14.Ng3xf5 Rf8e8
15.h4 Be7xh4
16.Ne4d6 Re8e6
17.Nf5xh4 Qa5c7
18.Nh4xg6 fxg6
19.c5 Nb8a6
20.Qd1b3 Qc7e7
21.Bc1g5 Qe7d7
22.Rf1f7  { time }
1-0